00777nam a22001817a 4500003000400000005001700004008004100021040000900062100002500071245007200096260007300168300001000241500015700251600006100408942001600469999001500485952009500500OSt20130926122227.0130531s1948 sp ||||| |||| 00| 0 spa d cCDMR1 93607aMasriera, Luis14aUna biografía de D. Manuel Rodríguez CodolácD. Luis Masriera aBarcelonabReal Academia Catalana de Bellas Artes de San Jorgec1948 a10 p. aTranscripció del parlament de Luis Masriera a la sessió pública del dia 5 de juny de 1948 a la Real Academia Catalana de Bellas Artes de San Jorge1 93606aRodríguez Codolá, Manueld1872-1946vBiografia 2udccFULLET c6368d6368 00104070aCDMRbCDMRd2013-01-16l0oDu 1/127pCDMR13056575r2013-05-31w2013-05-31yRES